Normal view
MARC view
- Basu, S K
Entry Personal Name
001 - CONTROL NUMBER
- control field: 5906
003 - CONTROL NUMBER IDENTIFIER
- control field: OSt
005 - DATE AND TIME OF LATEST TRANSACTION
- control field: 20240213145935.0
008 - FIXED-LENGTH DATA ELEMENTS
- fixed length control field: 240213|| aca||aabn | a|a d
040 ## - CATALOGING SOURCE
- Original cataloging agency: OSt
- Transcribing agency: OSt
100 ## - HEADING--PERSONAL NAME
- Personal name: Basu, S K
670 ## - SOURCE DATA FOUND
- Source citation: Work cat.: (OSt)18: Basu, S K ., Works organisation and management / , 1997.
